Statistiche per Finaliste UEFA Champions League

Clicka qui per fare il quiz!

Statistiche generali

  • Questo quiz è stato fatto 122 volte
  • Il punteggio medio è 30 su 42

Statistiche sulle risposte

NazioneSquadraFinali giocatePrimo postoSecondo posto% Corretto
Italia Milan1174
100%
Spagna Real Madrid17143
100%
Spagna Barcellona853
99%
Germania Bayern Monaco1165
99%
ItaliaInter633
99%
Italia Juventus927
99%
InghilterraManchester United532
99%
Paesi Bassi Ajax642
97%
Inghilterra Liverpool1064
97%
Portogallo Porto220
97%
Spagna Atlético Madrid303
96%
Portogallo Benfica725
95%
Inghilterra Chelsea321
95%
Inghilterra Manchester City211
94%
Scozia Celtic211
92%
Germania Borussia Dortmund211
91%
Francia Paris Saint-Germain101
89%
Italia Roma101
87%
Paesi Bassi PSV110
85%
Inghilterra Nottingham Forest220
83%
Serbia Stella Rossa110
81%
Romania Steaua Bucarest211
80%
Inghilterra Arsenal101
79%
Italia Fiorentina101
77%
Spagna Valencia202
77%
Paesi Bassi Feyenoord110
76%
Germania Amburgo211
75%
Italia Sampdoria101
74%
Inghilterra Aston Villa110
71%
Inghilterra Tottenham101
71%
Germania Bayer Leverkusen101
61%
Francia Monaco101
56%
Svezia Malmö FF101
53%
Serbia Partizan101
41%
Grecia Panathīnaïkos101
38%
Francia Olympique Marsiglia211
36%
Francia Saint-Étienne101
30%
GermaniaBorussia Mönchengladbach101
22%
Francia Stade Reims202
19%
Germania Eintracht Francoforte101
16%
Belgio Club Bruges101
10%
Inghilterra Leeds Utd101
2%

Distribuzione punteggi

Percentile per numero di risposta

Percentuale di utenti per punteggio

I tuoi punteggi nel tempo

Non hai fatto questo quiz